000 01259nam a2200265 a 4500
001 49097
003 BD-RjUL
005 20211209054632.0
008 160817s1964 bg ||||| |||| 00| f ben d
020 _c: Tk. 2.50
035 _a(BD-RjUL)49216
040 _aBD-RjUL
_bben
_cBD-RjUL
041 _aben
082 _223
_a892.73
_bARA 1964
245 0 0 _aআরবী ছোট গল্প /
_cঅনুবাদ আবুল কাসিম মুহম্মদ আদমুদ্দীন ; সম্পাদনা আলাউদ্দিন-আল-আজাদ
260 _aঢাকা :
_bবাঙলা একাডেমী,
_c১৯৬৪
300 _a[৮], ৯৪ পৃ. ;
_c২০ সেমি.
490 _aআধুনিক সাহিত্য-গ্রন্থমালা ;
_v
650 _aআরবী ছোটগল্প
_9147680
650 _aArabic Short Story
_9147681
700 _aআদমুদ্দীন, আবুল কাসিম মুহম্ম্‌দ, অনুবাদক
_9147682
700 _aআলাউদ্দিন-আল-আজাদ, সম্পাদক
_9147683
830 _aআধুনিক সাহিত্য-গ্রন্থমালা ;
_v
_9147684
942 _2ddc
_cBK
_01
999 _c49097
_d49097